000 00519nam a22001937a 4500
003 OSt
005 20170310122932.0
008 160803b xxu||||| |||| 00| 0 eng d
020 _a9780077598525
020 _a0077598520
020 _a9780077598532
020 _a0077598539
040 _cRU
050 _a QH 603
_b.C43 K87 2012
100 _aMarielle Hoefnagels
245 _aBiology concepts and investigations
_bSelected chapters from
260 _aNewyork
_bMc Graw -Hill Learning
_c2012
942 _2lcc
_cBK
999 _c254923
_d254922